| 000 | 00517nam a2200157Ia 4500 | ||
|---|---|---|---|
| 008 | 140529s9999 xx 000 0 und d | ||
| 020 | _a9780323100953 | ||
| 050 |
_aR 858.A1 _b.H425 2014 |
||
| 245 |
_aHealth informatics : _ban interprofessional approach / _c[edited by] Ramona Nelson, Nancy Staggers |
||
| 250 | _a1st ed. | ||
| 260 |
_aSt. Louis, Missouri : _bElsevier Mosby, _cc2014. |
||
| 300 |
_a535 p. : _bcol. ill. ; _c28 cm. |
||
| 500 | _aIncludes glossary and index. | ||
| 942 |
_kFOR _cBK |
||
| 999 |
_c117601 _d117601 |
||